[Event "Istanbul op"]
[Site "Istanbul"]
[Date "2014.09.04"]
[Round "5"]
[White "Atakisi, Umut"]
[Black "Zeytinoglu, Nasir Ekin"]
[Result "1-0"]
[WhiteElo "2343"]
[BlackElo "2003"]
[PlyCount "89"]
[EventDate "2014.09.01"]
[EventType "swiss"]
[EventRounds "9"]
[EventCountry "TUR"]
[SourceTitle "CBM 162 Extra"]
[Source "ChessBase"]
[SourceDate "2014.10.17"]
[SourceVersion "1"]
[SourceVersionDate "2014.10.17"]
[SourceQuality "1"]

1. e4 e5 2. Nf3 Nc6 3. d4 exd4 4. Nxd4 Nf6 5. Nc3 Bb4 6. Nxc6 bxc6 7. Bd3 d5 8. exd5 0-0 9. 0-0 cxd5 10. h3 c6 11. Qf3 Bd6 12. Bf4 Rb8 13. b3 Rb4 14. Bxd6 Qxd6 15. Qg3 Qxg3 16. fxg3 Re8 17. g4 h6 18. Na4 Nd7 19. Rfe1 Rxe1+ 20. Rxe1 Kf8 21. Kf2 Rf4+ 22. Ke3 Rf6 23. Kd4 Rf4+ 24. Ke3 Rf6 25. Bf5 g6 26. Bxd7 Bxd7 27. Kd3 Be6 28. Re3 Rf2 29. Re2 Rf1 30. Kd4 Ra1 31. Nc3 Ke7 32. Kc5 Kd7 33. Rf2 Rc1 34. a4 f5 35. Na2 Rh1 36. Nb4 fxg4 37. hxg4 Bxg4 38. Rf7+ Ke6 39. Rxa7 Rc1 40. Rc7 Bf5 41. a5 Ke5 42. a6 Bxc2 43. a7 Bxb3+ 44. Kb6 Ra1 45. Nxc6+ 1-0

[Event "TUR-chT"]
[Site "Konya"]
[Date "2012.07.18"]
[Round "8"]
[White "Zeytinoglu, Nasir Ekin"]
[Black "Kerigan, Demre"]
[Result "0-1"]
[WhiteElo "2026"]
[BlackElo "2205"]
[PlyCount "70"]
[EventDate "2012.07.11"]
[EventType "team-tourn"]
[EventRounds "13"]
[EventCountry "TUR"]
[SourceTitle "CBM 149 Extra"]
[Source "ChessBase"]
[SourceDate "2012.08.24"]
[SourceVersion "1"]
[SourceVersionDate "2012.08.24"]
[SourceQuality "1"]
[WhiteTeam "Istanbul Aquamatch"]
[BlackTeam "Istanbul Pera"]
[WhiteTeamCountry "TUR"]
[BlackTeamCountry "TUR"]

1. e4 g6 2. d4 d6 3. Nc3 Bg7 4. f4 Nf6 5. Nf3 0-0 6. Bd3 Na6 7. 0-0 c5 8. d5 Bg4 9. Bc4 Rb8 10. h3 Bxf3 11. Rxf3 Nc7 12. a4 a6 13. Qd3 b5 14. axb5 axb5 15. Nxb5 Nxb5 16. Bxb5 Nxe4 17. c3 Nf6 18. Bc6 Qc8 19. Rb1 e6 20. b4 Nxd5 21. Bxd5 exd5 22. Qxd5 cxb4 23. cxb4 Qc2 24. Qd3 Qa4 25. Bd2 Rfc8 26. f5 Qc2 27. fxg6 hxg6 28. Qxc2 Rxc2 29. Rd3 Ra8 30. b5 Raa2 31. Be3 Rxg2+ 32. Kf1 Rgb2 33. Rb3 Rh2 34. Bg1 Rh1 35. Rd3 Be5 0-1

[Event "TUR-chT"]
[Site "Konya"]
[Date "2011.06.29"]
[Round "2"]
[White "Komut, Burak"]
[Black "Zeytinoglu, Nasir Ekin"]
[Result "0-1"]
[WhiteElo "1980"]
[BlackElo "1970"]
[PlyCount "112"]
[EventDate "2011.06.28"]
[EventType "team-swiss"]
[EventRounds "13"]
[EventCountry "TUR"]
[SourceTitle "CBM 143 Extra"]
[Source "ChessBase"]
[SourceDate "2011.08.29"]
[SourceVersion "1"]
[SourceVersionDate "2011.08.29"]
[SourceQuality "1"]
[WhiteTeam "Bursa Tophane"]
[BlackTeam "Isek Aquamatch"]
[WhiteTeamCountry "TUR"]
[BlackTeamCountry "TUR"]

1. d4 Nf6 2. Nf3 g6 3. c4 Bg7 4. g3 0-0 5. Bg2 d6 6. 0-0 Nbd7 7. Nc3 e5 8. e4 exd4 9. Nxd4 Re8 10. h3 a6 11. Be3 Rb8 12. Re1 c5 13. Nde2 Ne5 14. b3 b5 15. f4 Ned7 16. Qxd6 b4 17. e5 bxc3 18. Nxc3 Nh5 19. g4 Bf8 20. Qd2 Ng7 21. Rad1 Ne6 22. Kh2 Qa5 23. Bd5 Bb7 24. Qc2 Bxd5 25. Nxd5 Nd4 26. Qf2 Bg7 27. Bxd4 cxd4 28. Kg2 g5 29. fxg5 Bxe5 30. Rf1 Kh8 31. Rd3 Bg7 32. Rf3 Ne5 33. Rf5 d3 34. Nf6 Bxf6 35. gxf6 Qb6 36. Qg3 Qd4 37. Qf4 Qxf4 38. R5xf4 Rbd8 39. Rd1 h6 40. Kg3 Kh7 41. c5 Kg6 42. Rd2 Re6 43. Rf5 Rd5 44. b4 Rxf6 45. Kf4 Rxf5+ 46. gxf5+ Kf6 47. Ke4 Rd8 48. a3 h5 49. h4 Nc4 50. Rxd3 Rxd3 51. Kxd3 Nxa3 52. Ke4 Nb5 53. c6 Na7 54. Kd5 Kxf5 55. Kc5 Ke6 56. Kb6 Nxc6 0-1

[Event "TUR-chT"]
[Site "Konya"]
[Date "2010.07.05"]
[Round "8"]
[White "Zeytinoglu, Nasir Ekin"]
[Black "Okay, Ilkin Ege"]
[Result "1-0"]
[WhiteElo "1927"]
[BlackElo "1865"]
[PlyCount "59"]
[EventDate "2010.06.29"]
[EventType "team-tourn"]
[EventRounds "13"]
[EventCountry "TUR"]
[SourceTitle "CBM 137 Extra"]
[Source "ChessBase"]
[SourceDate "2010.09.01"]
[SourceVersion "1"]
[SourceVersionDate "2010.09.01"]
[SourceQuality "1"]

1. e4 c6 2. d4 d5 3. Nd2 dxe4 4. Nxe4 Nd7 5. Nf3 Ngf6 6. Nxf6+ Nxf6 7. Ne5 e6 8. Be2 Bd6 9. 0-0 Qc7 10. f4 b6 11. Bf3 Bb7 12. Qe2 0-0-0 13. a4 c5 14. a5 Nd5 15. a6 Bc6 16. Nxc6 Qxc6 17. c4 cxd4 18. cxd5 exd5 19. Bd2 Kb8 20. Qd3 Qc4 21. Be2 Qc8 22. Rac1 Qd7 23. Bf3 Be7 24. Rfe1 Bf6 25. Rc2 Rhe8 26. Rxe8 Rxe8 27. Rc1 g5 28. fxg5 Be5 29. Re1 Re7 30. Rxe5 1-0

[Event "TUR-chT"]
[Site "Konya"]
[Date "2010.06.30"]
[Round "3"]
[White "Zeytinoglu, Nasir Ekin"]
[Black "Yargici, Mazhar Kutay"]
[Result "1-0"]
[WhiteElo "1927"]
[BlackElo "1822"]
[PlyCount "137"]
[EventDate "2010.06.29"]
[EventType "team-tourn"]
[EventRounds "13"]
[EventCountry "TUR"]
[SourceTitle "CBM 137 Extra"]
[Source "ChessBase"]
[SourceDate "2010.09.01"]
[SourceVersion "1"]
[SourceVersionDate "2010.09.01"]
[SourceQuality "1"]

1. e4 e5 2. Nf3 Nc6 3. Bb5 a6 4. Ba4 Nf6 5. 0-0 Be7 6. Re1 b5 7. Bb3 0-0 8. h3 d6 9. c3 Na5 10. Bc2 c5 11. d4 Qc7 12. Nbd2 cxd4 13. cxd4 Bd7 14. Nf1 Rac8 15. Ne3 Rfe8 16. Bd2 Bd8 17. Rc1 Qb7 18. d5 Nc4 19. Nxc4 Rxc4 20. b3 Rc8 21. Nh2 Qb6 22. Nf1 Qd4 23. Bb1 Bb6 24. Be3 Qxd1 25. Rexd1 Bxe3 26. Nxe3 Kf8 27. Bd3 Ke7 28. f3 Rxc1 29. Rxc1 Rc8 30. Rxc8 Bxc8 31. b4 Kd8 32. Kf2 Kc7 33. a3 g6 34. Ke1 Kb6 35. Kf2 Kc7 36. Nd1 Nd7 37. Nc3 Nb6 38. Ke1 Kd8 39. Nd1 Ke7 40. Ne3 Kf6 41. h4 Ke7 42. Kd2 Kd8 43. Bc2 Kc7 44. Bd3 Nd7 45. Ke1 Nf6 46. Kf2 Nh5 47. Bc2 Kd8 48. g3 Nf6 49. Bd3 Kc7 50. Nd1 Ng8 51. Ne3 Nh6 52. g4 Ng8 53. Nf1 Ne7 54. Ng3 Bd7 55. h5 f6 56. Be2 Kd8 57. hxg6 hxg6 58. Ke3 Ke8 59. Bd1 f5 60. gxf5 gxf5 61. Nf1 Kf7 62. Nd2 Kf6 63. f4 exf4+ 64. Kxf4 Ng6+ 65. Ke3 f4+ 66. Kd4 Ne5 67. Be2 Kg5 68. Nf3+ Nxf3+ 69. Bxf3 1-0

[Event "World ol U16 07th"]
[Site "Mersin"]
[Date "2008.08.24"]
[Round "10"]
[White "Zeytinoglu, Nasir Ekin"]
[Black "So, Wesley"]
[Result "1/2-1/2"]
[WhiteElo "1883"]
[BlackElo "2577"]
[PlyCount "53"]
[EventDate "2008.08.17"]
[EventType "team-swiss"]
[EventRounds "10"]
[EventCountry "TUR"]
[SourceTitle "CBM 126 Extra"]
[Source "ChessBase"]
[SourceDate "2008.11.05"]
[SourceVersion "1"]
[SourceVersionDate "2008.11.05"]
[SourceQuality "1"]

1. e4 c5 2. Nf3 Nc6 3. d4 cxd4 4. Nxd4 Nf6 5. Nc3 e5 6. Ndb5 d6 7. Bg5 a6 8. Na3 b5 9. Bxf6 gxf6 10. Nd5 f5 11. c3 Bg7 12. exf5 Bxf5 13. Nc2 Be6 14. g3 0-0 15. Bg2 f5 16. 0-0 a5 17. Nce3 Rb8 18. f4 e4 19. g4 Qd7 20. gxf5 Bxf5 21. Nxf5 Qxf5 22. Ne3 Qc5 23. Qd5+ Kh8 24. Qxc5 dxc5 25. Bxe4 Rfe8 26. Bxc6 Rxe3 27. Rae1 1/2-1/2

[Event "World ol U16 07th"]
[Site "Mersin"]
[Date "2008.08.20"]
[Round "5"]
[White "Zeytinoglu, Nasir Ekin"]
[Black "Meyer, Andre"]
[Result "1-0"]
[WhiteElo "1883"]
[BlackElo "1702"]
[PlyCount "61"]
[EventDate "2008.08.17"]
[EventType "team-swiss"]
[EventRounds "10"]
[EventCountry "TUR"]
[SourceTitle "CBM 126 Extra"]
[Source "ChessBase"]
[SourceDate "2008.11.05"]
[SourceVersion "1"]
[SourceVersionDate "2008.11.05"]
[SourceQuality "1"]

1. e4 e6 2. d4 d5 3. Nc3 Bb4 4. e5 c5 5. a3 Bxc3+ 6. bxc3 Ne7 7. Qg4 Ng6 8. h4 h5 9. Qg3 Qc7 10. Bd2 Nc6 11. Bd3 cxd4 12. Bxg6 fxg6 13. Qxg6+ Kf8 14. f4 a5 15. Qd3 dxc3 16. Qxc3 Bd7 17. Ne2 Rc8 18. Rh3 Kf7 19. Rb1 b6 20. Qb2 b5 21. Rc3 Qa7 22. Kf1 Rb8 23. Rg3 Rhc8 24. f5 Re8 25. Be3 Qa6 26. Bc5 Rec8 27. Qc1 Nxe5 28. Qg5 g6 29. fxg6+ Kg8 30. Qxh5 Rf8+ 31. Kg1 1-0

[Event "World ol U16 07th"]
[Site "Mersin"]
[Date "2008.08.19"]
[Round "4"]
[White "Kaplan, Ebru"]
[Black "Zeytinoglu, Nasir Ekin"]
[Result "1/2-1/2"]
[WhiteElo "1878"]
[BlackElo "1883"]
[PlyCount "51"]
[EventDate "2008.08.17"]
[EventType "team-swiss"]
[EventRounds "10"]
[EventCountry "TUR"]
[SourceTitle "CBM 126 Extra"]
[Source "ChessBase"]
[SourceDate "2008.11.05"]
[SourceVersion "1"]
[SourceVersionDate "2008.11.05"]
[SourceQuality "1"]

1. e4 e5 2. Nf3 Nc6 3. Nc3 Nf6 4. d4 Bb4 5. Bg5 exd4 6. Nxd4 Qe7 7. f3 d5 8. Bb5 Bd7 9. Bxc6 bxc6 10. 0-0 Bxc3 11. bxc3 0-0 12. Re1 dxe4 13. Rxe4 Qd6 14. Re1 Rfe8 15. Qd2 Nd5 16. Nb3 f6 17. Bh4 Qf4 18. Qxf4 Nxf4 19. Kf2 Bf5 20. Nd4 Bg6 21. Bg3 Nd5 22. c4 Nb4 23. Bxc7 Nxc2 24. Nxc2 Bxc2 25. Rac1 Rxe1 26. Kxe1 1/2-1/2

[Event "World ol U16 07th"]
[Site "Mersin"]
[Date "2008.08.18"]
[Round "3"]
[White "Zeytinoglu, Nasir Ekin"]
[Black "Kannemeyer, Werner"]
[Result "0-1"]
[WhiteElo "1883"]
[BlackElo "1862"]
[PlyCount "126"]
[EventDate "2008.08.17"]
[EventType "team-swiss"]
[EventRounds "10"]
[EventCountry "TUR"]
[SourceTitle "CBM 126 Extra"]
[Source "ChessBase"]
[SourceDate "2008.11.05"]
[SourceVersion "1"]
[SourceVersionDate "2008.11.05"]
[SourceQuality "1"]

1. e4 e6 2. d4 d5 3. Nc3 c6 4. Nf3 f5 5. exf5 exf5 6. Bf4 Nf6 7. Bd3 Bd6 8. Ne5 0-0 9. 0-0 Qc7 10. Re1 Ne4 11. f3 Nf6 12. Kh1 Nh5 13. Bg5 f4 14. Qd2 Nd7 15. Nxd7 Bxd7 16. Qf2 Bf5 17. Bxf5 Rxf5 18. Qh4 Qf7 19. Be7 Bc7 20. Ba3 Bd8 21. Be7 Ng3+ 22. Kg1 g5 23. Qh6 Bxe7 24. hxg3 fxg3 25. Qe6 Bb4 26. Re3 Qxe6 27. Rxe6 Bxc3 28. bxc3 Raf8 29. Rae1 R5f7 30. Re7 Rxe7 31. Rxe7 Rf7 32. Re5 h6 33. Kf1 Kf8 34. Ke2 Rf6 35. Kd2 Kf7 36. Ke3 Rf4 37. a4 Rf6 38. a5 Rf4 39. c4 dxc4 40. d5 cxd5 41. Rxd5 Ke6 42. Rb5 Rf7 43. Rc5 Kd6 44. Rxc4 Rf5 45. a6 bxa6 46. Ra4 a5 47. c3 Rb5 48. f4 Rf5 49. fxg5 Rxg5 50. Kf3 Kc6 51. c4 Kb6 52. Ra1 h5 53. Ra2 h4 54. Kf4 Rg7 55. Kf3 h3 56. c5+ Kc6 57. Rxa5 h2 58. Ra6+ Kxc5 59. Rh6 a5 60. Ke3 a4 61. Kd3 a3 62. Kc2 Rb7 63. Rh5+ Kd4 0-1

[Event "TUR-chT"]
[Site "Kocaeli"]
[Date "2008.06.28"]
[Round "9"]
[White "Gurcan, Eray"]
[Black "Zeytinoglu, Nasir Ekin"]
[Result "1-0"]
[WhiteElo "1955"]
[BlackElo "1883"]
[PlyCount "61"]
[EventDate "2008.06.24"]
[EventType "team-tourn"]
[EventRounds "15"]
[EventCountry "TUR"]
[SourceTitle "CBM 125 Extra"]
[Source "ChessBase"]
[SourceDate "2008.09.01"]
[SourceVersion "1"]
[SourceVersionDate "2008.09.01"]
[SourceQuality "1"]

1. e4 e5 2. Nf3 Nc6 3. Bb5 Nf6 4. Bxc6 dxc6 5. d3 Bd6 6. h3 Qe7 7. Nbd2 Bd7 8. Nc4 h6 9. b3 b5 10. Ne3 a5 11. a4 g6 12. Bd2 Bb4 13. 0-0 Nh5 14. axb5 0-0 15. bxc6 Bxc6 16. Nc4 Kh7 17. Ncxe5 Bb7 18. Re1 Bd6 19. Nc4 Bf4 20. Bxf4 Nxf4 21. Nxa5 Bc8 22. Nc6 Qd6 23. Rxa8 Qxc6 24. Rxc8 Rxc8 25. d4 Re8 26. d5 Qd7 27. Qd2 Nxh3+ 28. gxh3 Qxh3 29. Qf4 f5 30. exf5 Rg8 31. Re7+ 1-0